000 01053nam a2200277 a 4500
005 20191224041539.0
008 140221b1998 gw ||||fr|||| 00| 0 eng d
040 _aCO-BoIAVH
_cCO-BoIAVH
041 0 _aeng
044 _agx
082 0 4 _a333.9516
_bG37b
110 1 _aGermany Republic
_b, Federal Ministry for Economic Cooperation and Development
245 1 0 _aBiodiversity conservation in German development cooperation
_bimplementing the biodiversity convention /
250 _aTercera edición
260 _aBonn (Alemania) :
_bBMZ :
_bGTZ,
_c1998.
300 _a65 páginas ;
_c30 x 21 centímetros
611 2 0 _aConvenio sobre diversidad biológica
650 6 _aPolítica ambiental
650 6 _aCooperación internacional
650 6 _aDesarrollo rural
650 6 _aConservación de la diversidad biológica
650 6 _aManejo de fauna
650 6 _aConservación de bosques
710 2 _aDeutsche Gesellschaft fur Technische Zusammenarbeit (GTZ)
942 _cLIBRO
_2ddc
999 _c710
_d710